Normal view
MARC view
- O'Regan, Gerard
Entry Personal Name
001 - CONTROL NUMBER
- control field: 18052
003 - CONTROL NUMBER IDENTIFIER
- control field: NUST
005 - DATE AND TIME OF LATEST TRANSACTION
- control field: 20190718071125.0
008 - FIXED-LENGTH DATA ELEMENTS
- fixed length control field: 190718|| aca||aabn | a|a d
040 ## - CATALOGING SOURCE
- Original cataloging agency: NUST
- Transcribing agency: NUST
100 ## - HEADING--PERSONAL NAME
- Personal name: O'Regan, Gerard
- Fuller form of name: (Cornelius Gerard)
670 ## - SOURCE DATA FOUND
- Source citation: Work cat.: (NUST)0: O'Regan, Gerard (Cornelius Gerard), A practical approach to software quality /, 2002.
